[Event "BL 8990 Bayern-Kirchheim"]
[Site "?"]
[Date "1990.??.??"]
[Round "?.7"]
[White "Biebinger, G."]
[Black "Schlosser, P."]
[Result "1-0"]
[WhiteElo "2290"]
[BlackElo "2475"]
[PlyCount "65"]
[EventDate "1990.??.??"]

1. c4 e6 2. Nc3 Nf6 3. e4 d5 4. e5 d4 5. exf6 dxc3 6. bxc3 Qxf6 7. d4 e5 8. Qe2
Be7 9. dxe5 Qg6 10. Qe3 Nc6 11. Ne2 Qe6 12. Nd4 Qxe5 13. Nxc6 Qxe3+ 14. Bxe3
bxc6 15. Bd3 Be6 16. Ke2 Bf6 17. Rab1 Bxc3 18. Rb7 O-O 19. Rxc7 Rfb8 20. Rc1
Rb2+ 21. Kf3 Bd2 22. Bxd2 Rxd2 23. Be4 Rxa2 24. Bxc6 Rb8 25. Rb7 Rd8 26. Bd5 h5
27. Bxe6 fxe6 28. c5 Rf8+ 29. Ke4 Raxf2 30. c6 Re2+ 31. Kd3 Re5 32. c7 Rd5+ 33.
Ke4 1-0

[Event "BL 8990 Bayern-Kirchheim"]
[Site "?"]
[Date "1990.??.??"]
[Round "?.8"]
[White "Stangl, M."]
[Black "Schindler, W."]
[Result "1/2-1/2"]
[WhiteElo "2375"]
[BlackElo "2295"]
[PlyCount "95"]
[EventDate "1990.??.??"]

1. Nf3 c5 2. c4 Nf6 3. Nc3 g6 4. d4 cxd4 5. Nxd4 Nc6 6. e4 Nxd4 7. Qxd4 d6 8.
Be2 Bg7 9. Bg5 O-O 10. Qe3 Be6 11. O-O Qb6 12. Rab1 Qxe3 13. Bxe3 Rfc8 14. b3
Ng4 15. Bxg4 Bxg4 16. Nd5 Kf8 17. Bg5 f6 18. Be3 Be2 19. Rfe1 Bd3 20. Rbd1 Bxe4
21. Nxe7 Kxe7 22. Bf4 f5 23. f3 Be5 24. Bxe5 dxe5 25. fxe4 f4 26. Rd5 Ke6 27.
Red1 Re8 28. Rd6+ Kf7 29. R1d5 Re7 30. c5 Rae8 31. b4 Re6 32. Rd7+ R8e7 33. b5
Rxd7 34. Rxd7+ Re7 35. Rxe7+ Kxe7 36. h4 h6 37. Kf2 Kd7 38. Kf3 a6 39. a4 axb5
40. axb5 Ke7 41. Kg4 Ke6 42. Kf3 Kd7 43. Ke2 Kc7 44. Kf3 Kd7 45. Kg4 Ke6 46. h5
g5 47. Kf3 Kd7 48. Kg4 1/2-1/2

[Event "BL 8990 Delmenhorst-Dortmund"]
[Site "?"]
[Date "1990.??.??"]
[Round "?.1"]
[White "Schmittdiel, E."]
[Black "Armas, I."]
[Result "1-0"]
[WhiteElo "2435"]
[BlackElo "2480"]
[PlyCount "63"]
[EventDate "1990.??.??"]

1. Nf3 Nf6 2. g3 b5 3. Bg2 Bb7 4. O-O c5 5. b3 e6 6. c4 b4 7. Bb2 Be7 8. d4 O-O
9. d5 Qb6 10. Nh4 d6 11. Nd2 a5 12. e4 Re8 13. Kh1 a4 14. bxa4 Qa6 15. a3 Qxa4
16. Qc1 bxa3 17. Rxa3 Qd7 18. Rb3 exd5 19. Nf5 Ba6 20. Bh3 Qc7 21. exd5 Nbd7
22. Nxg7 Kxg7 23. Ne4 h6 24. Bxd7 Qxd7 25. Rf3 Qg4 26. Rf4 Qe2 27. Bxf6+ Bxf6
28. Nxf6 Re5 29. Ng4 Rxd5 30. Re1 Bb7 31. cxd5 Bxd5+ 32. Kg1 1-0

[Event "BL 8990 Delmenhorst-Dortmund"]
[Site "?"]
[Date "1990.??.??"]
[Round "?.2"]
[White "Hausner, I."]
[Black "Mainka, R."]
[Result "1/2-1/2"]
[WhiteElo "2440"]
[BlackElo "2450"]
[PlyCount "52"]
[EventDate "1990.??.??"]

1. d4 Nf6 2. c4 c5 3. Nf3 cxd4 4. Nxd4 e5 5. Nb5 d5 6. cxd5 Bc5 7. N5c3 O-O 8.
g3 Ng4 9. Ne4 Bb6 10. h3 f5 11. hxg4 fxe4 12. e3 Qf6 13. Rh2 Na6 14. Nc3 Qg6
15. Bxa6 bxa6 16. g5 Bf5 17. Qa4 Rac8 18. Bd2 Bd8 19. O-O-O Bg4 20. Re1 Bxg5
21. Kb1 Rfd8 22. Reh1 Be7 23. Rc1 Bd7 24. Qd1 Bg4 25. Qa4 Bd7 26. Qd1 Bg4
1/2-1/2

[Event "BL 8990 Delmenhorst-Dortmund"]
[Site "?"]
[Date "1990.??.??"]
[Round "?.3"]
[White "Keitlinghaus, L."]
[Black "Hermann, Man"]
[Result "1/2-1/2"]
[WhiteElo "2405"]
[BlackElo "2360"]
[PlyCount "71"]
[EventDate "1990.??.??"]

1. Nf3 d5 2. d4 Nf6 3. c4 c6 4. Qc2 g6 5. Bf4 Bg7 6. e3 O-O 7. Nc3 Be6 8. Qb3
Qc8 9. Be2 dxc4 10. Bxc4 Bxc4 11. Qxc4 Nbd7 12. O-O Nh5 13. Be5 Bxe5 14. Nxe5
Nxe5 15. dxe5 Ng7 16. Rad1 Qc7 17. f4 Qb6 18. Qd4 Rfd8 19. Qxb6 axb6 20. Kf2
Ne6 21. Ke2 b5 22. a3 Nc5 23. Rxd8+ Rxd8 24. b4 Na4 25. Nxa4 bxa4 26. Rc1 Kf8
27. Rc5 Ke8 28. b5 cxb5 29. Rxb5 Rc8 30. Kd2 Rd8+ 31. Kc2 Rc8+ 32. Kb2 Rd8 33.
Kc2 Rc8+ 34. Kd2 Rd8+ 35. Ke2 Rc8 36. Kd2 1/2-1/2

[Event "BL 8990 Delmenhorst-Dortmund"]
[Site "?"]
[Date "1990.??.??"]
[Round "?.4"]
[White "Borik, O."]
[Black "Stein, B."]
[Result "1-0"]
[WhiteElo "2355"]
[BlackElo "2380"]
[PlyCount "93"]
[EventDate "1990.??.??"]

1. d4 Nf6 2. Nf3 e6 3. c4 c5 4. d5 exd5 5. cxd5 d6 6. Nc3 g6 7. e4 Bg4 8. Qb3
Qc7 9. Bg5 Nbd7 10. Qa4 Ng8 11. Nd2 f6 12. Nb5 Qb8 13. e5 fxg5 14. Qxg4 Nxe5
15. Qe6+ Be7 16. Ne4 Nf7 17. h4 g4 18. h5 g5 19. Be2 a6 20. Nbc3 Nd8 21. Qxg4
Nh6 22. Qf3 Rf8 23. Qd3 b5 24. Ng3 Rf7 25. O-O Qa7 26. Nce4 c4 27. Qd2 Rf4 28.
Bf3 Ndf7 29. Ne2 Rxf3 30. gxf3 Ne5 31. Kg2 Nf5 32. Rh1 O-O-O 33. a4 Rg8 34.
axb5 Nh4+ 35. Kf1 Nhxf3 36. Qa5 Nd3 37. Qxa6+ Qxa6 38. Rxa6 Kb7 39. N2g3 Nd4
40. Nxd6+ Bxd6 41. Rxd6 Rf8 42. Rh2 Nf3 43. Rg2 Nh4 44. Ne4 Nxg2 45. Kxg2 Rf4
46. Re6 Nxb2 47. Nc5+ 1-0

[Event "BL 8990 Delmenhorst-Dortmund"]
[Site "?"]
[Date "1990.??.??"]
[Round "?.5"]
[White "Thesing, M."]
[Black "Schlemermeyer, W."]
[Result "1/2-1/2"]
[WhiteElo "2370"]
[BlackElo "2385"]
[PlyCount "79"]
[EventDate "1990.??.??"]

1. e4 d6 2. d4 g6 3. Nf3 Bg7 4. Nc3 Nf6 5. h3 O-O 6. Be3 a6 7. a4 b6 8. Bc4 e6
9. O-O Bb7 10. d5 e5 11. Qd2 Nbd7 12. Rae1 Nc5 13. Bg5 Qe8 14. b3 Kh8 15. Nh4
Bc8 16. f4 exf4 17. Qxf4 Nfd7 18. Nd1 f6 19. Bh6 Ne5 20. Bxg7+ Kxg7 21. Be2 Bd7
22. Nf2 Kh8 23. Qd2 Qe7 24. Nf3 Nxf3+ 25. Bxf3 a5 26. Bg4 Rae8 27. Bxd7 Qxd7
28. Qd4 Qg7 29. Ng4 f5 30. Qxg7+ Kxg7 31. exf5 Rxe1 32. Rxe1 Rxf5 33. Re7+ Rf7
34. Re8 Nd7 35. Rc8 Nf6 36. Ne3 Ne4 37. Re8 Nf6 38. Rc8 Ne4 39. Re8 Nf6 40. Rc8
1/2-1/2

[Event "BL 8990 Delmenhorst-Dortmund"]
[Site "?"]
[Date "1990.??.??"]
[Round "?.6"]
[White "Wesseln, K."]
[Black "Finegold, B."]
[Result "0-1"]
[WhiteElo "2315"]
[BlackElo "2375"]
[PlyCount "114"]
[EventDate "1990.??.??"]

1. d4 d5 2. Nf3 Nf6 3. Bg5 e6 4. e3 Be7 5. Bd3 Nbd7 6. Nbd2 h6 7. Bf4 c5 8. c3
b6 9. Ne5 Nxe5 10. Bxe5 O-O 11. f4 Bb7 12. Qf3 Ne4 13. f5 Qc8 14. Qg4 Bg5 15.
f6 Nxf6 16. Qg3 Ne8 17. h4 Bf6 18. Bf4 Kh8 19. O-O Ba6 20. Bxa6 Qxa6 21. e4
cxd4 22. e5 Be7 23. cxd4 Rc8 24. Qe3 Qb5 25. b3 Bb4 26. Rac1 Qa6 27. a4 Kg8 28.
Nf3 Ba3 29. Rcd1 Rc2 30. Rd3 Bc1 31. Nd2 f5 32. exf6 Rxf6 33. Rf3 Kh7 34. Rg3
Bxd2 35. Rxd2 Rc1+ 36. Kh2 Qf1 37. Rg4 h5 38. Rf2 Qg1+ 39. Kg3 hxg4 40. Qxc1
Qxc1 41. Bxc1 Rxf2 42. Kxf2 Kg6 43. Bf4 Kf5 44. Be5 a6 45. Ke3 Nf6 46. Kd3 g6
47. Bc7 Nd7 48. Ke3 b5 49. axb5 axb5 50. Kd3 e5 51. dxe5 Nc5+ 52. Kc3 d4+ 53.
Kc2 Ke4 54. Kd1 Ne6 55. Bd6 Ke3 56. Ke1 Nf4 57. Bb4 Nd3+ 0-1

[Event "BL 8990 Delmenhorst-Dortmund"]
[Site "?"]
[Date "1990.??.??"]
[Round "?.7"]
[White "Buecker, S."]
[Black "Breutigam, M."]
[Result "1/2-1/2"]
[WhiteElo "2325"]
[BlackElo "2320"]
[PlyCount "108"]
[EventDate "1990.??.??"]

1. f4 d5 2. Nf3 g6 3. g3 Bg7 4. Bg2 Nh6 5. c3 c5 6. d3 d4 7. Qa4+ Nd7 8. cxd4
cxd4 9. Nxd4 Qb6 10. Nb3 Ng4 11. d4 O-O 12. Nc3 Qd8 13. Qc4 a5 14. e3 Nb6 15.
Qe2 a4 16. Nc5 a3 17. Nd1 Na4 18. Nxa4 Rxa4 19. bxa3 Qa5+ 20. Qd2 Qa7 21. Bb2
Rd8 22. Nf2 e5 23. Nxg4 Bxg4 24. fxe5 Bxe5 25. O-O Be6 26. Qf2 Bg7 27. Rac1 Qb6
28. Rc2 Rc4 29. Rxc4 Bxc4 30. Rc1 Bxa2 31. Bc3 Be6 32. Qb2 Qd6 33. Qb4 Bh6 34.
Kf2 Qa6 35. Qa5 Qxa5 36. Bxa5 Rxd4 37. exd4 Bxc1 38. Bxb7 Bxa3 39. d5 Bg4 40.
Ke3 Bd6 41. Bc6 f6 42. Bb5 Kf7 43. Kd4 h5 44. Bd2 g5 45. Be1 Ke7 46. Bf1 Bf5
47. h3 Ba3 48. Be2 Bxh3 49. Bxh5 Bg2 50. Bg4 Kd6 51. Be6 Bc5+ 52. Kc4 Bf1+ 53.
Kb3 Bg2 54. Kc4 Bf1+ 1/2-1/2

[Event "BL 8990 Delmenhorst-Dortmund"]
[Site "?"]
[Date "1990.??.??"]
[Round "?.8"]
[White "Ditt, E."]
[Black "Buecker, P."]
[Result "1-0"]
[WhiteElo "2310"]
[BlackElo "2360"]
[PlyCount "133"]
[EventDate "1990.??.??"]

1. c4 e6 2. Nc3 d5 3. d4 c6 4. cxd5 exd5 5. Nf3 Bf5 6. Bf4 Bd6 7. Bxd6 Qxd6 8.
Qb3 Qe7 9. e3 Nf6 10. Be2 O-O 11. O-O Ne8 12. a4 Nd6 13. Qa3 Nd7 14. b4 a6 15.
a5 Bg4 16. Na4 Nf6 17. Nc5 Nfe4 18. Qd3 Bxf3 19. gxf3 Ng5 20. Rae1 f5 21. f4
Nh3+ 22. Kg2 Rf6 23. Bd1 Rh6 24. Kf3 Qe8 25. Kg2 Qe7 26. Kf3 Re8 27. Qc2 Qh4
28. Ke2 Qxf4 29. Kd2 Qxh2 30. Kc1 Ng5 31. Rh1 Qxh1 32. Rxh1 Rxh1 33. Nxb7 Nge4
34. Nxd6 Nxd6 35. Kb2 Nc4+ 36. Kc3 f4 37. Be2 fxe3 38. Bxc4 dxc4 39. fxe3 Rxe3+
40. Kxc4 Ree1 41. Qf5 Re8 42. Kc5 Rh6 43. Qd7 Rhe6 44. Qb7 Rd8 45. Qxa6 Rd5+
46. Kc4 Rxd4+ 47. Kc3 Rd8 48. Qc4 Kf7 49. Qf4+ Ke8 50. Qf5 Kd7 51. Qxh7 Re7 52.
Qf5+ Kc7 53. Qc5 Red7 54. Kb3 Rd3+ 55. Ka4 R8d7 56. Qb6+ Kd6 57. a6 Rd1 58. Kb3
Rc7 59. a7 Rd3+ 60. Kb2 Rxa7 61. Qxa7 Rd5 62. Qxg7 Rb5 63. Kc3 Rd5 64. Kc4 Rb5
65. Qf7 Rd5 66. Qb7 Rf5 67. Qc8 1-0

[Event "BL 8990 HSK-Solingen"]
[Site "?"]
[Date "1990.??.??"]
[Round "?.2"]
[White "Maus, So"]
[Black "Lobron, E."]
[Result "1-0"]
[WhiteElo "2395"]
[BlackElo "2585"]
[PlyCount "101"]
[EventDate "1990.??.??"]

1. c4 g6 2. g3 Bg7 3. Bg2 c5 4. Nc3 Nc6 5. e3 d6 6. Nge2 h5 7. h3 Bd7 8. d4 Nf6
9. b3 Rb8 10. Bb2 O-O 11. O-O Re8 12. Qd2 Qc8 13. Kh2 Bf5 14. Rad1 Kh7 15. d5
Nb4 16. e4 Bd7 17. f4 Bh6 18. Ng1 b5 19. Qe2 h4 20. gxh4 bxc4 21. bxc4 Nh5 22.
Bc1 Bg7 23. e5 Bf5 24. Nf3 Kg8 25. Rg1 Rb6 26. a3 Nc2 27. Ne4 Nd4 28. Nxd4 cxd4
29. e6 fxe6 30. Bf3 Nf6 31. h5 exd5 32. Nxf6+ Bxf6 33. Bxd5+ Kh8 34. Rg3 e6 35.
Be4 d5 36. hxg6 Kg7 37. cxd5 Bxe4 38. Qxe4 exd5 39. Qxd5 Re2+ 40. Kg1 Rbe6 41.
Qh5 Kf8 42. Bd2 Rxd2 43. Rxd2 Re1+ 44. Kh2 Rc1 45. Rgg2 Rh1+ 46. Kg3 Rf1 47.
Qd5 Qc7 48. Rgf2 Rg1+ 49. Rg2 Rf1 50. Rdf2 Rd1 51. Rb2 1-0

[Event "BL 8990 HSK-Solingen"]
[Site "?"]
[Date "1990.??.??"]
[Round "?.3"]
[White "Lau, R."]
[Black "Reefschlaeger, H."]
[Result "1-0"]
[WhiteElo "2470"]
[BlackElo "2395"]
[PlyCount "64"]
[EventDate "1990.??.??"]

1. e4 e5 2. Nf3 Nc6 3. Bb5 a6 4. Ba4 d6 5. c3 Bd7 6. O-O Nge7 7. d4 Ng6 8. Re1
Be7 9. Be3 h6 10. Nbd2 Bg5 11. Nf1 Kf8 12. Bb3 Bg4 13. Bxf7 Kxf7 14. Nxg5+ Qxg5
15. Qb3+ Be6 16. d5 Qe7 17. dxe6+ Qxe6 18. Qxb7 Nge7 19. Qb3 Qxb3 20. axb3 a5
21. Nd2 Rab8 22. h4 Rb5 23. Ra4 Rhb8 24. g3 d5 25. exd5 Rxd5 26. Rc4 Ke8 27.
Re2 Kd7 28. Bc5 Nf5 29. Ba3 Nd6 30. Rg4 Rg8 31. Kg2 h5 32. Rg6 Nb5 1-0

[Event "BL 8990 HSK-Solingen"]
[Site "?"]
[Date "1990.??.??"]
[Round "?.4"]
[White "Wegner, H."]
[Black "Reeh, O."]
[Result "1-0"]
[WhiteElo "2365"]
[BlackElo "2430"]
[PlyCount "147"]
[EventDate "1990.??.??"]

1. d4 Nf6 2. c4 e6 3. Nc3 Bb4 4. Qc2 Nc6 5. Nf3 d5 6. cxd5 exd5 7. Bg5 h6 8.
Bxf6 Qxf6 9. e3 O-O 10. a3 Bf5 11. Bd3 Bxc3+ 12. bxc3 Ne7 13. O-O c6 14. c4
dxc4 15. Bxf5 Nxf5 16. Qxc4 Rfe8 17. Rab1 Nd6 18. Qc2 Rac8 19. Qa4 a6 20. Rfc1
Re7 21. Ne5 Rce8 22. Qc2 Rd8 23. a4 Qg5 24. Nf3 Qf6 25. Rb6 Qe6 26. Ne5 Nf5 27.
Qb3 Qxb3 28. Rxb3 Nxd4 29. exd4 Rxd4 30. Nd3 Rxa4 31. g3 Ra2 32. Rcb1 Rd2 33.
R1b2 Rxb2 34. Rxb2 a5 35. Rb6 a4 36. Kf1 Rd7 37. Ke2 g5 38. Nc5 Rd5 39. Nxb7 a3
40. Ra6 Rb5 41. Nd8 Rb2+ 42. Ke3 a2 43. Ra7 Rb3+ 44. Ke4 Rb4+ 45. Ke5 Rb5+ 46.
Kf6 Rb2 47. f4 c5 48. Kf5 gxf4 49. gxf4 c4 50. Nxf7 c3 51. Ne5 c2 52. Nd3 Rb3
53. Ra8+ Kg7 54. Ra7+ Kg8 55. Rxa2 Rxd3 56. Rxc2 Rd6 57. Rc7 Ra6 58. h4 Kf8 59.
Rb7 Kg8 60. Rd7 Kf8 61. Rc7 Kg8 62. Re7 Ra1 63. h5 Ra4 64. Re4 Ra5+ 65. Kf6 Ra1
66. Re8+ Kh7 67. Re7+ Kg8 68. Re8+ Kh7 69. f5 Rg1 70. Kf7 Rf1 71. Re5 Ra1 72.
f6 Ra6 73. Re7 Ra1 74. Ke6+ 1-0

[Event "BL 8990 HSK-Solingen"]
[Site "?"]
[Date "1990.??.??"]
[Round "?.5"]
[White "Zysk, R."]
[Black "Michaelsen, N."]
[Result "1/2-1/2"]
[WhiteElo "2450"]
[BlackElo "2345"]
[PlyCount "95"]
[EventDate "1990.??.??"]

1. d4 Nf6 2. c4 g6 3. Nc3 d5 4. Nf3 Bg7 5. Qb3 dxc4 6. Qxc4 O-O 7. e4 Na6 8.
Qb3 c5 9. d5 e6 10. Bxa6 bxa6 11. O-O exd5 12. exd5 Qb6 13. Bf4 Bb7 14. Rfd1
Rfd8 15. Qxb6 axb6 16. Bc7 Rxd5 17. Nxd5 Nxd5 18. Be5 f6 19. Bg3 g5 20. h3 h5
21. Rd2 Bh6 22. Re2 Kf7 23. Rd1 Rd8 24. Nd2 Bf8 25. Nc4 b5 26. Ne3 c4 27. Red2
Ke6 28. Re2 Kf7 29. Red2 Ke6 30. Nxd5 Bxd5 31. f3 b4 32. Bf2 Rd7 33. Re2+ Kf7
34. Red2 Ke6 35. h4 gxh4 36. Re2+ Kf7 37. Red2 Ke6 38. Bxh4 Be7 39. Re2+ Kf7
40. Red2 Ke6 41. Be1 a5 42. Re2+ Kf7 43. Rc2 Ke6 44. a3 Be4 45. Rxd7 Bxc2 46.
Rxe7+ Kxe7 47. axb4 axb4 48. Bxb4+ 1/2-1/2

[Event "BL 8990 HSK-Solingen"]
[Site "?"]
[Date "1990.??.??"]
[Round "?.6"]
[White "Mueller, Ka"]
[Black "Schulte, O."]
[Result "1/2-1/2"]
[WhiteElo "2365"]
[BlackElo "2405"]
[PlyCount "42"]
[EventDate "1990.??.??"]

1. e4 e5 2. Nf3 Nf6 3. Nc3 Bb4 4. Nxe5 O-O 5. Be2 Re8 6. Nd3 Bxc3 7. dxc3 Nxe4
8. O-O d6 9. Nf4 Nd7 10. Re1 Ndf6 11. Be3 Bf5 12. a4 d5 13. c4 dxc4 14. Bxc4
Ng4 15. Qxd8 Rexd8 16. Bd3 Nxe3 17. Rxe3 Nd6 18. Rae1 Bxd3 19. Rxd3 Re8 20.
Rxe8+ Rxe8 21. Kf1 Kf8 1/2-1/2

[Event "BL 8990 HSK-Solingen"]
[Site "?"]
[Date "1990.??.??"]
[Round "?.7"]
[White "Kavalek, L."]
[Black "Sievers, S."]
[Result "1/2-1/2"]
[WhiteElo "2560"]
[BlackElo "2255"]
[PlyCount "37"]
[EventDate "1990.??.??"]

1. d4 Nf6 2. c3 e6 3. Bg5 h6 4. Bh4 c5 5. e3 b6 6. Nd2 Be7 7. Ngf3 O-O 8. Bd3
Ba6 9. Bxa6 Nxa6 10. Qe2 Nb8 11. O-O cxd4 12. exd4 d6 13. Ne1 Nd5 14. Bxe7 Nxe7
15. Nd3 Nd7 16. Ne4 Qc7 17. Rae1 Rae8 18. Ng3 e5 19. dxe5 1/2-1/2

[Event "BL 8990 Dortmund-HSK"]
[Site "?"]
[Date "1990.??.??"]
[Round "?.1"]
[White "Wahls, M."]
[Black "Schmittdiel, E."]
[Result "1/2-1/2"]
[WhiteElo "2535"]
[BlackElo "2435"]
[PlyCount "93"]
[EventDate "1990.??.??"]

1. e4 e6 2. d4 d5 3. Nd2 c5 4. exd5 exd5 5. Ngf3 Nc6 6. Bb5 Bd6 7. O-O c4 8. b3
cxb3 9. Bxc6+ bxc6 10. axb3 Ne7 11. Ba3 O-O 12. Ne5 Bxa3 13. Rxa3 Qb6 14. Qa1
c5 15. Ndf3 Nf5 16. Rd1 cxd4 17. Nxd4 Nxd4 18. Qxd4 Bf5 19. c3 Rac8 20. b4 Qxd4
21. Rxd4 Rfd8 22. g4 f6 23. Nf3 Be6 24. Kf1 Re8 25. Ne1 Re7 26. Nd3 Rc4 27. f3
Rxd4 28. cxd4 h5 29. h3 Kf7 30. Kf2 hxg4 31. hxg4 g5 32. Nc5 Bc8 33. Ra5 Rc7
34. Ke3 Ke7 35. Ra1 Kd6 36. Rh1 Re7+ 37. Kd2 Bd7 38. Rh6 Rf7 39. Rh8 Bb5 40.
Rb8 Bc4 41. Rd8+ Kc6 42. Re8 f5 43. gxf5 Rxf5 44. Ke3 Rf7 45. Rc8+ Kb5 46. Rb8+
Kc6 47. Rc8+ 1/2-1/2

[Event "BL 8990 Dortmund-HSK"]
[Site "?"]
[Date "1990.??.??"]
[Round "?.2"]
[White "Mainka, R."]
[Black "Maus, So"]
[Result "0-1"]
[WhiteElo "2450"]
[BlackElo "2395"]
[PlyCount "82"]
[EventDate "1990.??.??"]

1. e4 Nf6 2. e5 Nd5 3. d4 d6 4. Nf3 dxe5 5. Nxe5 g6 6. Bc4 Be6 7. O-O Bg7 8.
Nd2 O-O 9. Ndf3 Nd7 10. Ng5 Bxe5 11. dxe5 Nxe5 12. Bb3 c6 13. Qe2 Qd6 14. c4
Bg4 15. f3 Bf5 16. Rd1 Qc5+ 17. Kh1 Nf6 18. Be3 Qa5 19. g4 Nexg4 20. fxg4 Bxg4
21. Qg2 Bxd1 22. Rxd1 Rad8 23. Rf1 Qe5 24. Bf4 Qd4 25. c5 Nd5 26. Bd2 Qxb2 27.
Qh3 h5 28. Bc1 Qe5 29. Qg2 Qd4 30. Ne4 Kh7 31. Bb2 Qd3 32. Rd1 Qb5 33. Rg1 Qd3
34. Ng5+ Kg8 35. Qf2 a5 36. Bc2 Qb5 37. Nxf7 Rxf7 38. Qd4 Rf6 39. Rxg6+ Kf7 40.
Rxf6+ exf6 41. Bb3 Qf1+ 0-1

[Event "BL 8990 Dortmund-HSK"]
[Site "?"]
[Date "1990.??.??"]
[Round "?.4"]
[White "Stein, B."]
[Black "Wegner, H."]
[Result "1/2-1/2"]
[WhiteElo "2380"]
[BlackElo "2365"]
[PlyCount "25"]
[EventDate "1990.??.??"]

1. b3 e5 2. Bb2 Nc6 3. c4 Nf6 4. e3 d5 5. cxd5 Nxd5 6. a3 Bd6 7. Qc2 O-O 8. Nf3
Qe7 9. d3 f5 10. Nbd2 Kh8 11. g3 Nf6 12. Bg2 Bd7 13. Nc4 1/2-1/2

[Event "BL 8990 Dortmund-HSK"]
[Site "?"]
[Date "1990.??.??"]
[Round "?.5"]
[White "Michaelsen, N."]
[Black "Thesing, M."]
[Result "1-0"]
[WhiteElo "2345"]
[BlackElo "2370"]
[PlyCount "114"]
[EventDate "1990.??.??"]

1. d4 Nf6 2. c4 e6 3. Nc3 d5 4. Bg5 Bb4 5. e3 Nbd7 6. Rc1 O-O 7. Nf3 c5 8. cxd5
exd5 9. Bd3 c4 10. Bb1 Bxc3+ 11. bxc3 Re8 12. O-O b5 13. Nd2 Bb7 14. Re1 Qb6
15. f3 a5 16. e4 b4 17. Qc2 b3 18. axb3 cxb3 19. Qxb3 Qxb3 20. Nxb3 a4 21. Nd2
h6 22. Bxf6 Nxf6 23. e5 Nd7 24. c4 Nf8 25. Ba2 Red8 26. Rb1 Ra7 27. c5 Ne6 28.
Rb4 Bc6 29. g3 g5 30. Kf2 Kg7 31. Nf1 a3 32. Ne3 Kf8 33. Nf5 Ra4 34. Reb1 Rxb4
35. Rxb4 Ra8 36. Ke3 h5 37. Rb6 Nd8 38. Kd2 Bd7 39. Ne3 Ra4 40. Rb8 Ke8 41. Kc3
Bc6 42. Rb4 Ra7 43. Nc2 Ba4 44. Rb6 Bxc2 45. Kxc2 Ra4 46. c6 Ne6 47. Kb3 Rxd4
48. Rb8+ Ke7 49. Kxa3 h4 50. Bb3 hxg3 51. hxg3 Rd3 52. Kb2 Nc7 53. Rc8 Ne6 54.
Ba4 Rxf3 55. Re8+ Kxe8 56. c7+ Kf8 57. c8=Q+ Kg7 1-0

[Event "BL 8990 Dortmund-HSK"]
[Site "?"]
[Date "1990.??.??"]
[Round "?.7"]
[White "Sievers, S."]
[Black "Buecker, S."]
[Result "1/2-1/2"]
[WhiteElo "2255"]
[BlackElo "2325"]
[PlyCount "123"]
[EventDate "1990.??.??"]

1. e4 Nf6 2. e5 Nd5 3. c4 Nb6 4. c5 Nd5 5. Nc3 e6 6. Nxd5 exd5 7. d4 d6 8. cxd6
cxd6 9. Nf3 Nc6 10. Be2 Bf5 11. O-O dxe5 12. Nxe5 Bd6 13. Bb5 O-O 14. Bxc6 Bxe5
15. dxe5 bxc6 16. Qd4 Re8 17. Re1 Re6 18. Qf4 Bg6 19. Be3 Qc7 20. Bc5 Rae8 21.
Re3 f6 22. Bd6 Qd7 23. Rae1 Be4 24. f3 fxe5 25. Bxe5 Rxe5 26. fxe4 dxe4 27. h3
Qd4 28. Kh2 h6 29. R1e2 Kh7 30. h4 R8e6 31. Rg3 Rf6 32. Qg4 Re7 33. Rge3 Qe5+
34. g3 h5 35. Qc8 Qd4 36. b3 Qd1 37. Qh3 Qd4 38. Qg2 Rfe6 39. Qf1 Qf6 40. Qb1
Qg6 41. Qc2 Re5 42. Qc4 c5 43. Qc2 Qg4 44. Qb1 R7e6 45. Qe1 Re7 46. Rf2 Qe6 47.
Rfe2 c4 48. bxc4 Qxc4 49. Qh1 g6 50. Qe1 a5 51. Rf2 Kg7 52. Qa1 Kh7 53. Qe1 Qd4
54. Rfe2 Kh6 55. Qf1 Rf5 56. Qc1 Kg7 57. Qc6 Rfe5 58. Qa8 Rd5 59. Qc8 Rc5 60.
Qa8 Rd5 61. Qc8 Rb5 62. Rf3 1/2-1/2

[Event "BL 8990 Solingen-Delmenhorst"]
[Site "?"]
[Date "1990.??.??"]
[Round "?.2"]
[White "Lobron, E."]
[Black "Hausner, I."]
[Result "1/2-1/2"]
[WhiteElo "2585"]
[BlackElo "2440"]
[PlyCount "68"]
[EventDate "1990.??.??"]

1. c4 g6 2. Nc3 Bg7 3. e4 d6 4. d4 Nf6 5. Be2 Nbd7 6. Nf3 e5 7. O-O O-O 8. Qc2
c6 9. Rd1 Qe7 10. d5 c5 11. g3 Nh5 12. Rb1 Ndf6 13. b4 b6 14. bxc5 bxc5 15. Bg5
h6 16. Bd2 Ng4 17. h3 Ngf6 18. Bf1 Nh7 19. Rb3 Ng5 20. Nxg5 hxg5 21. Rdb1 f5
22. exf5 gxf5 23. Qd1 g4 24. hxg4 fxg4 25. Ne4 Qf7 26. Bd3 Qg6 27. Rb8 Rxb8 28.
Rxb8 Bf5 29. Rxf8+ Kxf8 30. Qb1 Nf6 31. Qb8+ Ne8 32. Qb1 Nf6 33. Qb8+ Ne8 34.
Qb1 Nf6 1/2-1/2

[Event "BL 8990 Solingen-Delmenhorst"]
[Site "?"]
[Date "1990.??.??"]
[Round "?.3"]
[White "Hermann, Man"]
[Black "Lau, R."]
[Result "1/2-1/2"]
[WhiteElo "2360"]
[BlackElo "2470"]
[PlyCount "20"]
[EventDate "1990.??.??"]

1. e4 g6 2. d4 Bg7 3. c3 d6 4. f4 Nf6 5. e5 Nd5 6. Bc4 c6 7. Nf3 O-O 8. O-O Nd7
9. Qe1 N7b6 10. Bd3 c5 1/2-1/2

[Event "BL 8990 Solingen-Delmenhorst"]
[Site "?"]
[Date "1990.??.??"]
[Round "?.4"]
[White "Schneider, B1."]
[Black "Borik, O."]
[Result "1-0"]
[WhiteElo "2475"]
[BlackElo "2355"]
[PlyCount "83"]
[EventDate "1990.??.??"]

1. c4 Nf6 2. Nc3 g6 3. g3 Bg7 4. Bg2 O-O 5. Nf3 c6 6. d4 d6 7. O-O Qa5 8. d5
Bd7 9. e4 cxd5 10. cxd5 Na6 11. Nd4 Nc5 12. Rb1 Na4 13. Nce2 Rfc8 14. h3 Qa6
15. Be3 Rc7 16. f4 Nb6 17. b3 Re8 18. a4 e6 19. dxe6 fxe6 20. Nc2 e5 21. fxe5
dxe5 22. Nb4 Qa5 23. Nd3 Nc8 24. Nc5 Rxc5 25. b4 Qa6 26. bxc5 Bxa4 27. Qd2 Bc6
28. Nc3 Qc4 29. Kh2 Ne7 30. Bg5 Nd7 31. Nd5 Nc8 32. Rbc1 Qd4 33. Qa5 b6 34.
cxb6 axb6 35. Nxb6 Ncxb6 36. Rxc6 Ra8 37. Qd2 Qxd2 38. Bxd2 Ra2 39. Be3 Na4 40.
Rc8+ Nf8 41. Rfxf8+ Bxf8 42. Bh6 1-0

[Event "BL 8990 Solingen-Delmenhorst"]
[Site "?"]
[Date "1990.??.??"]
[Round "?.5"]
[White "Schlemermeyer, W."]
[Black "Zysk, R."]
[Result "1/2-1/2"]
[WhiteElo "2385"]
[BlackElo "2450"]
[PlyCount "35"]
[EventDate "1990.??.??"]

1. Nf3 Nf6 2. d4 g6 3. c4 Bg7 4. g3 O-O 5. Bg2 d6 6. Nc3 Nbd7 7. O-O e5 8. h3
c6 9. e4 Qb6 10. Re1 exd4 11. Nxd4 Ne8 12. Nf3 Nc5 13. Qc2 Be6 14. b3 a5 15.
Be3 Qb4 16. Bd2 Qb6 17. Be3 Qb4 18. Bd2 1/2-1/2

[Event "BL 8990 Solingen-Delmenhorst"]
[Site "?"]
[Date "1990.??.??"]
[Round "?.6"]
[White "Schulte, O."]
[Black "Wesseln, K."]
[Result "0-1"]
[WhiteElo "2405"]
[BlackElo "2315"]
[PlyCount "111"]
[EventDate "1990.??.??"]

1. d4 c5 2. d5 e5 3. e4 d6 4. c4 g6 5. Nc3 Bg7 6. h4 f5 7. exf5 gxf5 8. f3 Nf6
9. Bg5 h6 10. Be3 O-O 11. Qd2 f4 12. Bf2 b5 13. cxb5 e4 14. Nxe4 Nxe4 15. fxe4
Qe7 16. Nf3 Qxe4+ 17. Be2 Re8 18. Kf1 Bf5 19. h5 Nd7 20. Rh4 Be5 21. Rd1 Nf6
22. Nxe5 Qxe5 23. Bf3 Ne4 24. Bxe4 Bxe4 25. Rxf4 Qxh5 26. Kg1 Re5 27. Re1 Rae8
28. Qd1 Qg6 29. Rg4 Rg5 30. Rxg5 Qxg5 31. g3 Qf5 32. Re3 Qh3 33. Rxe4 Rxe4 34.
Qf3 Rh4 35. a3 Qh2+ 36. Kf1 Rc4 37. Qe3 Qh1+ 38. Bg1 Re4 39. Qd3 Qh3+ 40. Kf2
Qf5+ 41. Kg2 Qe5 42. Bf2 Rg4 43. Qf3 Qe4 44. Be3 h5 45. Bf4 Qg6 46. a4 Qc2+ 47.
Kh3 Qf5 48. Kg2 h4 49. Bxd6 h3+ 50. Kf2 Qxf3+ 51. Kxf3 Rd4 52. Kf2 Rxd5 53. Bb8
Rd2+ 54. Kg1 Rxb2 55. Bxa7 c4 56. Be3 0-1

[Event "BL 8990 Solingen-Delmenhorst"]
[Site "?"]
[Date "1990.??.??"]
[Round "?.7"]
[White "Breutigam, M."]
[Black "Kavalek, L."]
[Result "0-1"]
[WhiteElo "2320"]
[BlackElo "2560"]
[PlyCount "62"]
[EventDate "1990.??.??"]

1. d4 Nf6 2. c3 d6 3. Nf3 Nbd7 4. Bf4 Nh5 5. Qd2 Nxf4 6. Qxf4 e6 7. e4 Be7 8.
Nbd2 O-O 9. Be2 e5 10. dxe5 dxe5 11. Qg3 Bf6 12. O-O Nc5 13. Rfd1 Nd3 14. Bxd3
Qxd3 15. Ne1 Qb5 16. b3 Rd8 17. c4 Qa5 18. Nd3 Qc3 19. Nf1 Qa5 20. a4 Be6 21.
Ne3 c6 22. b4 Qc7 23. Nc5 Qe7 24. Nxe6 Qxe6 25. Qg4 Qxg4 26. Nxg4 Be7 27. c5 a5
28. Nxe5 axb4 29. Nd7 b3 30. Rab1 Rxa4 31. Rxb3 Rxd7 0-1